Essentials of Psychology/ (Record no. 92)
[ view plain ]
| 000 -LEADER | |
|---|---|
| fixed length control field | 00973nam a22002177a 4500 |
| 001 - CONTROL NUMBER | |
| control field | 92 |
| 005 - DATE AND TIME OF LATEST TRANSACTION | |
| control field | 20250910104624.0 |
| 008 - FIXED-LENGTH DATA ELEMENTS--GENERAL INFORMATION | |
| fixed length control field | 120925b xxu||||| |||| 00| 0 eng d |
| 020 ## - INTERNATIONAL STANDARD BOOK NUMBER | |
| International Standard Book Number | 10:0-495-90709-x |
| 040 ## - CATALOGING SOURCE | |
| Modifying agency | BSULIB |
| 082 ## - DEWEY DECIMAL CLASSIFICATION NUMBER | |
| Edition number | 22 |
| Classification number | 150 |
| Item number | BER |
| 100 ## - MAIN ENTRY--PERSONAL NAME | |
| Personal name | Bernstein, Douglas A |
| 9 (RLIN) | 243 |
| 245 ## - TITLE STATEMENT | |
| Title | Essentials of Psychology/ |
| 250 ## - EDITION STATEMENT | |
| Edition statement | 5th Ed. |
| Remainder of edition statement | International Edition |
| 260 ## - PUBLICATION, DISTRIBUTION, ETC. (IMPRINT) | |
| Place of publication, distribution, etc | Australia: |
| Name of publisher, distributor, etc | WADSWORTH; |
| Date of publication, distribution, etc | 2011. |
| 300 ## - PHYSICAL DESCRIPTION | |
| Extent | xxvi597 Pgs |
| Dimensions | 27 CM |
| 505 ## - FORMATTED CONTENTS NOTE | |
| Formatted contents note | --Introduction to the science of psychology --Biology and behavior --Sensation and perception --Consciousness --Learning --Memory --Thought, Language, and intelligence --Motivation and Emotion --Human development --Health, stress, and coping --Personality --Psychological disorders --Treatment of psychological disorders --Social psychology --Industrial and organizational psychology --Neuropsychology |
| 650 ## - SUBJECT ADDED ENTRY--TOPICAL TERM | |
| Source of heading or term | Psychology |
| Topical term or geographic name as entry element | Essentials of Psychology |
| 9 (RLIN) | 244 |
| 658 ## - INDEX TERM--CURRICULUM OBJECTIVE | |
| Main curriculum objective | Psychology |
| 942 ## - ADDED ENTRY ELEMENTS (KOHA) | |
| Source of classification or shelving scheme | Dewey Decimal Classification |
| Item type | Reserved Books |
| Withdrawn status | Lost status | Source of classification or shelving scheme | Damaged status | Not for loan | Home library | Current library | Shelving location | Date acquired | Source of acquisition | Full call number | Barcode | Date last seen | Copy number | Price effective from | Koha item type | Public note | Inventory number |
|---|---|---|---|---|---|---|---|---|---|---|---|---|---|---|---|---|---|
| Dewey Decimal Classification | Main Library | Main Library | Open Shelves | 25/09/2011 | Purchased | 150.20 BER | bsu24080423 | 25/09/2012 | 001 | 25/09/2012 | Reserved Books | Material available in hard copy | |||||
| Dewey Decimal Classification | Main Library | Main Library | Reserve Book Section | 25/09/2011 | Purchased | 150.20 BER | bsu24080424 | 25/09/2012 | 002 | 25/09/2012 | Reserved Books | Material available in hard copy | 23038 | ||||
| Dewey Decimal Classification | Main Library | Main Library | Reserve Book Section | 05/08/2024 | 150 .20 BER | bsu24080425 | 05/08/2024 | 003 | 05/08/2024 | Reserved Books | Material available in hard copy | 35500 |